| 000 | 01090nam a22002657a 4500 | ||
|---|---|---|---|
| 003 | 0 | ||
| 005 | 20251111104328.0 | ||
| 008 | 251111b xxu||||| |||| 00| 0 eng d | ||
| 020 | _a978-0-241-53366-6 | ||
| 050 |
_aPE 1128 _b.T424 2022 |
||
| 100 |
_aTaylor, Mary _eadapter. |
||
| 245 |
_aThomas and the monkeys / _ctext adapted by Mary Taylor ; song lyrics by Naomi Rainbow. |
||
| 246 | _aLadybird readers. Beginner | ||
| 260 |
_aLondon : _bPenguin Random House UK, _c2022. |
||
| 300 |
_a24 pages : _bcolor illustrations ; _c19 cm. |
||
| 490 |
_aLadybird readers ; _vBeginner |
||
| 500 | _aBased on the Thomas & Friends episode "Thomas and the Monkey Palace". | ||
| 520 | _aBeginner-level Ladybird Readers adaptation of the Thomas & Friends story "Thomas in the Wild," featuring simplified text and illustrations suitable for early readers. | ||
| 650 | _aReaders (Primary). | ||
| 650 |
_aEnglish language _vReaders. _xStudy and teaching |
||
| 700 |
_aTaylor, Mary, _eadapter. |
||
| 700 |
_aRainbow, Naomi, _elyricist. |
||
| 830 |
_aLadybird readers ; _sBeginner. |
||
| 942 |
_2lcc _cBK |
||
| 999 |
_c368564 _d368564 |
||